Experiments in electronics and communication engineering : (Record no. 182668)

000 -LEADER
fixed length control field 01150 a2200193 4500
003 - CONTROL NUMBER IDENTIFIER
control field Nust
005 - DATE AND TIME OF LATEST TRANSACTION
control field 20221209091330.0
040 ## - CATALOGING SOURCE
Transcribing agency Nust
082 ## - DEWEY DECIMAL CLASSIFICATION NUMBER
Classification number 621.382,SCH
100 ## - MAIN ENTRY--PERSONAL NAME
Personal name Schulz, Elmer Harry
9 (RLIN) 102364
245 ## - TITLE STATEMENT
Title Experiments in electronics and communication engineering :
Remainder of title covering basic circuit theory, electronics, communication networks, radio and ultra-high frequency techniques /
Statement of responsibility, etc. E. H. Schulz, [and] R. M. Leger
250 ## - EDITION STATEMENT
Edition statement 2nd ed
260 ## - PUBLICATION, DISTRIBUTION, ETC.
Place of publication, distribution, etc. Harper
Name of publisher, distributor, etc. New York
Date of publication, distribution, etc. 1954
300 ## - PHYSICAL DESCRIPTION
Extent ix, 342 p
Other physical details illus
Dimensions 24 cm
505 ## - FORMATTED CONTENTS NOTE
Formatted contents note Laboratory Technique (Page-1), Laboratory Equipment (Page-12), Circuits (Page-27), Measurements, Audio and Radio Frequency (Page-56), Communication Networks (Page-80), Electron Tubes (Page-110), Electronic Instruments (Page-142), Trigger Circuits-Control of Waveform (Page-174), Amplifiers (Page-205), Oscillators (Page-246), Modulation and Detection (Page-274), Radio Receivers (Page-296), Radio Transmitters (Page-308), Transmission Lines, Wave Guides, Radiation (Page-310), Power Supplies (Page-328).
650 ## - SUBJECT ADDED ENTRY--TOPICAL TERM
Location of event Telecommunication Engineering
700 ## - ADDED ENTRY--PERSONAL NAME
Personal name Anderson, L. T.
9 (RLIN) 104525
942 ## - ADDED ENTRY ELEMENTS (KOHA)
Source of classification or shelving scheme
Koha item type Book
Holdings
Withdrawn status Lost status Source of classification or shelving scheme Damaged status Not for loan Permanent Location Current Location Shelving location Date acquired Full call number Barcode Date last seen Price effective from Koha item type Public note
          Military College of Signals (MCS) Military College of Signals (MCS) General Stacks 12/12/2016 621.382,SCH MCS5902 12/08/2016 12/12/2016 Book Almirah No.35, Shelf No.5
          Military College of Signals (MCS) Military College of Signals (MCS) General Stacks 12/12/2016 621.382,SCH MCS6244 12/08/2016 12/12/2016 Book Almirah No.35, Shelf No.5
© 2023 Central Library, National University of Sciences and Technology. All Rights Reserved.